00563nam a22001457a 4500040000900000082001200009100003500021110005600056245011100112260004400223650001500267942001300282999001900295952010300314 cNUST a200 THE aMuhammad Hamza Qureshi9100316 aSupervised by Prof. Dr. Mohsin Islam Tiwana9100317 aTH-SOF-2053-Dataset Collection and Mechanism Design for Semi-Automation of Prosthetic Pneumatic Knee Joint aISLAMABAD:bNUST COLLEGE OF EME,c2022. aMS-MTS-18  2ddccTHE c591819d591819 00102ddc4070aCEMEbCEMEcTHEd2022-10-14l0o200 THEpTH-SOF-2053r2022-10-14w2022-10-14yREF